| 000 | 00751 a2200241 4500 | ||
|---|---|---|---|
| 005 | 20260101160821.0 | ||
| 008 | 260101b |||||||| |||| 00| 0 eng d | ||
| 020 | _a978-0-8389-4945-0 | ||
| 037 | _cTB | ||
| 040 |
_aCRL _cCRL |
||
| 041 |
_2eng _aeng |
||
| 084 |
_a2:(Y:4:62).73 R2 _qCRL |
||
| 100 |
_aAustin, Jeanie _9851191 |
||
| 245 |
_aLibrary services and incarceration: _brecognizing barriers, strengthening access |
||
| 260 |
_bALA-Neal-Schuman _c2022 |
||
| 300 | _a186p. | ||
| 365 |
_b54.99 _cUSD |
||
| 650 | _2LIBRARY SCIENCE | ||
| 650 | _2SOIOLOGY | ||
| 650 | _2PRISONS | ||
| 942 |
_cTB _2CC _n0 _h2:(Y:4:62).73 R2 |
||
| 999 |
_c1465359 _d1465359 |
||